Contar rápido- 1-100 - EN ORDEN - Estadísticas

Estadísticas generales
  • Esta prueba ha sido intentada 403 veces
  • La puntuación promedio es 82 de 100
Estadísticas de respuestas
# % Correcto
1
100%
2
99%
3
99%
4
98%
5
98%
6
98%
7
98%
8
98%
9
98%
10
96%
11
96%
12
96%
13
96%
14
96%
15
95%
16
95%
17
94%
18
93%
19
93%
20
93%
21
92%
22
92%
23
92%
24
92%
25
92%
26
91%
27
91%
28
91%
29
91%
30
91%
31
91%
32
91%
33
91%
34
91%
35
91%
36
91%
37
91%
38
91%
39
91%
40
89%
41
89%
42
89%
43
88%
44
88%
45
88%
46
88%
47
88%
48
88%
49
88%
50
87%
51
87%
52
86%
53
86%
54
86%
55
85%
56
85%
57
85%
58
85%
59
85%
60
84%
61
83%
62
83%
63
83%
64
83%
65
82%
66
82%
67
82%
68
80%
69
80%
70
80%
71
80%
72
79%
73
78%
74
78%
75
77%
76
76%
77
75%
78
73%
79
73%
80
71%
81
69%
82
68%
83
68%
84
65%
85
65%
86
63%
87
62%
88
61%
89
59%
90
58%
91
56%
92
56%
93
55%
94
54%
95
54%
96
53%
97
52%
98
51%
99
49%
100
45%
No se encontraron pruebas coincidentes
Distribución de puntuación
Porcentaje de gente con cada puntuación
Porcentaje por número respondido
Historial de tus puntuaciones
No has intentado esta prueba.